Los algorrobos también sueñan / (Record no. 11793)
[ view plain ]
| 000 -CABECERA | |
|---|---|
| campo de control de longitud fija | 00709nam a2200217 a 4500 |
| 001 - NÚMERO DE CONTROL | |
| campo de control | 000012128 |
| 005 - FECHA Y HORA DE LA ÚLTIMA TRANSACCIÓN | |
| campo de control | 20240502105558.0 |
| 008 - DATOS DE LONGITUD FIJA--INFORMACIÓN GENERAL | |
| campo de control de longitud fija | 091105s2002 dr 001 f spa d |
| 020 ## - NÚMERO INTERNACIONAL ESTÁNDAR DEL LIBRO | |
| Número Internacional Estándar del Libro | 9993432210 |
| 040 ## - FUENTE DE LA CATALOGACIÓN | |
| Centro catalogador/agencia de origen | DO-SdBNP |
| Lengua de catalogación | spa |
| Centro/agencia transcriptor | BNPHU |
| 082 ## - NÚMERO DE LA CLASIFICACIÓN DECIMAL DEWEY | |
| Número de clasificación | RD863.44 |
| Número de documento/Ítem | D542a, 2002 |
| 100 1# - ENTRADA PRINCIPAL--NOMBRE DE PERSONA | |
| Nombre de persona | Díaz Grullón, Virgilio, |
| Fechas asociadas al nombre | 1924-2001 |
| 9 (RLIN) | 501 |
| 245 14 - MENCIÓN DE TÍTULO | |
| Título | Los algorrobos también sueñan / |
| Mención de responsabilidad, etc. | Virgilio Díaz Grullón. |
| 260 ## - PUBLICACIÓN, DISTRIBUCIÓN, ETC. | |
| Lugar de publicación, distribución, etc. | Santo Domingo : |
| Nombre del editor, distribuidor, etc. | Cole, |
| Fecha de publicación, distribución, etc. | [2002?]. |
| 300 ## - DESCRIPCIÓN FÍSICA | |
| Extensión | 79 p. ; |
| Dimensiones | 22 cm. |
| 586 ## - NOTA DE PREMIOS | |
| Nota de premios | Premio Nacional de Novela, 1977 |
| 590 ## - NOTA LOCAL (RLIN) | |
| Nota local | Inventariado, 2020/YL |
| 650 #0 - PUNTO DE ACCESO ADICIONAL DE MATERIA--TÉRMINO DE MATERIA | |
| Término de materia o nombre geográfico como elemento de entrada | Novela histórica dominicana. |
| 9 (RLIN) | 860 |
| 650 #0 - PUNTO DE ACCESO ADICIONAL DE MATERIA--TÉRMINO DE MATERIA | |
| Término de materia o nombre geográfico como elemento de entrada | Literatura dominicana. |
| 9 (RLIN) | 67 |
| 910 ## - DATOS DE OPCIÓN DEL USUARIO (OCLC) | |
| Datos de opción del usuario | Validado. Control de calidad MMOLINA |
| Estado de retiro | Estado de pérdida | Restricciones de uso | No para préstamo | Código de colección | Localización permanente | Ubicación/localización actual | Ubicación en estantería | Fecha de adquisición | Número de inventario | Total de préstamos | Signatura topográfica completa | Código de barras | Fecha visto por última vez | Número de copia | Precio válido a partir de | Tipo de ítem Koha |
|---|---|---|---|---|---|---|---|---|---|---|---|---|---|---|---|---|
| Dominicana de Servicio | General | General | Depósito | 05.11.2009 | LF1 | RD863.44 D542a | 12128-30 | 25.06.2020 | e. 3 | 25.06.2020 | Libro y Folleto Colección Dominicana de Servicio | |||||
| Dominicana de Servicio | General | General | Depósito | 05.11.2009 | LF1 | RD863.44 D542a | 12128-40 | 25.06.2020 | e. 4 | 25.06.2020 | Libro y Folleto Colección Dominicana de Servicio | |||||
| Extraviado | Dominicana de Servicio | General | General | Extraviado | 05.11.2009 | LF1 | RD863.44 D542a | 12128-50 | 25.06.2020 | e. 5 | 25.06.2020 | Libro y Folleto Colección Dominicana de Servicio | ||||
| Excluido de préstamo | Patrimonio Dominicano | Patrimonio Dominicano | Patrimonio Dominicano | Depósito | 05.11.2009 | LF1 | RD863.44 D542a | 12128-10 | 25.06.2020 | 25.06.2020 | Libro y Folleto Colección Patrimonio Dominicano | |||||
| Excluido de préstamo | Patrimonio Dominicano | Patrimonio Dominicano | Patrimonio Dominicano | Depósito | 05.11.2009 | LF1 | RD863.44 D542a | 12128-20 | 25.06.2020 | e. 2 | 25.06.2020 | Libro y Folleto Colección Patrimonio Dominicano |
